Fastest 40 Yard Dash Times - Statistics

General Stats
  • This quiz has been taken 10 times
  • The average score is 3 of 11
Answer Stats
Place Time Position Player % Correct
1 4.21 WR Xavier Worthy
100%
2 4.22 WR John Ross
56%
4 4.24 RB Chris Johnson
33%
T-5 4.26 RB Dri Archer
33%
T-5 4.26 DB Tariq Woolen
33%
3 4.23 DB Kalon Barnes
22%
T-9 4.27 DB Stanford Routt
22%
T-5 4.26 DB DJ Turner II
11%
T-9 4.27 WR Marquise Goodwin
11%
T-9 4.27 WR Henry Ruggs III
0%
T-5 4.26 WR Jerome Mathis
0%
No matching quizzes found
Score Distribution
Percent of People with Each Score
Percentile by Number Answered
Your Score History
You have not taken this quiz